| 000 | 00682cam a2200145 4500500 | ||
|---|---|---|---|
| 005 | 20251228093427.0 | ||
| 041 | _afre | ||
| 042 | _adc | ||
| 100 | 1 | 0 |
_aGuichard, Benjamin _eauthor |
| 245 | 0 | 0 | _aZ. I. PEREGUDOVA « Ohranka » : vospominanija rukovoditelej politi?eskogo syska [« Ohranka » : mémoires des dirigeants de la police politique] Moscou : Novoe literaturnoe obozrenie, 2004, 2 t., 512 et 600 p. (Rossija v memuarah) |
| 260 | _c2006. | ||
| 500 | _a60 | ||
| 786 | 0 | _nCahiers du monde russe | Vol 47 | 4 | 2006-11-01 | p. 785d-964d | 1252-6576 | |
| 856 | 4 | 1 | _uhttps://shs.cairn.info/revue-cahiers-du-monde-russe-2006-4-page-785d?lang=fr&redirect-ssocas=7080 |
| 999 |
_c1604375 _d1604375 |
||